| 000 | 01541cam a2200421 a 4500 | ||
|---|---|---|---|
| 001 | 13183067 | ||
| 003 | OSt | ||
| 005 | 20260123143443.0 | ||
| 008 | 030501s2003 miu 001 0 eng | ||
| 010 | _a 2003010152 | ||
| 020 | _a0310250870 | ||
| 020 |
_z9780310521440 _qebook |
||
| 020 | _a9780310250876 | ||
| 035 | _a13183067 | ||
| 040 |
_aDLC _cDLC _dDLC |
||
| 041 | 0 |
_aeng _agrc |
|
| 050 | 0 | 0 |
_aPA817 _b.M63 2003 |
| 082 | 0 | 0 |
_a487/.4 _221 |
| 100 | 1 | _aMounce, William D. | |
| 245 | 1 | 0 |
_aBasics of biblical Greek grammar / _cWilliam D. Mounce. |
| 250 | _a2nd ed. | ||
| 260 |
_aGrand Rapids, Mich. : _bZondervan, _cc2003. |
||
| 300 |
_axxiv, 448 p. ; _c24 cm. + _e1 CD-ROM (4 3/4 in.) |
||
| 336 |
_atext _btxt _2rdacontent |
||
| 337 |
_aunmediated _bn _2rdamedia |
||
| 338 |
_avolume _bnc _2rdacarrier |
||
| 500 | _a"Includes an Interactive Study-Aid CD-ROM." | ||
| 500 | _aIncludes index. | ||
| 546 | _aEnglish and Greek. | ||
| 630 | 0 | 0 |
_aBible. _pNew Testament _xLanguage, style. |
| 650 | 0 |
_aGreek language, Biblical _xGrammar. |
|
| 856 | 4 | 1 |
_3Table of contents only _uhttp://www.loc.gov/catdir/toc/ecip043/2003010152.html |
| 856 | 4 | 2 |
_3Publisher description _uhttp://www.loc.gov/catdir/enhancements/fy0633/2003010152-d.html |
| 906 |
_a7 _bcbc _corignew _d1 _eecip _f20 _gy-gencatlg |
||
| 942 |
_2lcc _cBK |
||
| 999 |
_c21132 _d21131 |
||